| 000 | 01891nam a22005057a 4500 | ||
|---|---|---|---|
| 003 | PE-LiUPU | ||
| 005 | 20250731180158.0 | ||
| 008 | 230505b |||||||| |||| 00| 0 spa d | ||
| 020 | _a9786124466069 | ||
| 040 |
_aPE-LiUPU _bspa _cPE-LiUPU _dPE-LiUPU _erda |
||
| 082 |
_223 _a598.072348534 _bA955 |
||
| 245 |
_aAves de los bosques de queñua de Moquegua / _cPablo Juan Franco León, Alberto Bacilio Quispe Cohaila, Marco Alberto Navarro Guzmán y otros |
||
| 250 | _aPrimera edición | ||
| 264 |
_aMoquegua : _bUniversidad Nacional de Moquegua, _c2020. |
||
| 300 |
_a169 páginas : _bfotos ; _c21x30 centímetros. |
||
| 500 | _aEdición apaisada | ||
| 504 | _aBibliografía: páginas 167-169 | ||
| 505 | _aGeneralidades de los bosques -- Descripción morfológica de las aves -- Métodos de estudio de las aves -- Cómo observar aves en el campo -- Fichas de información de aves evaluadas -- Descripción de Órdenes, Familias y Especies de aves. | ||
| 526 | _aSEG44 | ||
| 526 | _aSEG26 | ||
| 526 | _aP159 | ||
| 526 | _aP155 | ||
| 526 | _aP154 | ||
| 526 | _aP153 | ||
| 526 | _aP150 | ||
| 526 | _aP100 | ||
| 526 | _aP31 | ||
| 526 | _aP30 | ||
| 526 | _aP26 | ||
| 526 | _aP25 | ||
| 526 | _aP24 | ||
| 526 | _aP22 | ||
| 526 | _aP15 | ||
| 526 | _aP10 | ||
| 650 | 0 |
_aAves _zPerú _zMoquegua _vIdentificación _91004 |
|
| 650 | 0 |
_aAves _zPerú _zMoquegua _vClasificación _91005 |
|
| 700 |
_aFranco León, Pablo Juan _eautor _91006 |
||
| 700 |
_aQuispe Cohaila, Alberto Bacilio _eautor _91007 |
||
| 700 |
_aNavarro Guzmán, Marco Alberto _eautor _91008 |
||
| 700 |
_aIgnacio Apaza, Javier Máximo _eautor _91009 |
||
| 700 |
_aJove Chipana, César Augusto _eautor _91010 |
||
| 700 |
_aOyague Passuni, Eduardo José _eautor _91011 |
||
| 942 |
_2ddc _cBK _n0 |
||
| 999 |
_c61766 _d61766 |
||
| 980 |
_618226 _aJaime Vilcazán Jefe de Análisis Documental _81 _gALBERTO SANCHEZ Responsable de Automatización |
||